| 000 | 00499nam a2200181Ia 4500 | ||
|---|---|---|---|
| 003 | LDD | ||
| 008 | 181029s9999 xx 000 0 und d | ||
| 020 |
_a9264035451 _cP 43.00 |
||
| 040 | _cLDD | ||
| 245 | 0 |
_aStarting strong II _bearly childhood education and care |
|
| 260 |
_a. _bOECD _c2006 |
||
| 300 | _a441 p. ; 2 | ||
| 365 | _bP 43.00 | ||
| 901 |
_a3552 _b24-11-2006 |
||
| 902 |
_a8420 _b24-11-2006 _cF _dOP |
||
| 903 |
_aDiscount-10 _bReqst by : Neerja Chadha |
||
| 942 |
_2ddc _cBK |
||
| 999 |
_c77091 _d77091 |
||